Sổ tay chọn máy thi công xây dựng

সংরক্ষণ করুন:
গ্রন্থ-পঞ্জীর বিবরন
প্রধান লেখক: Nguyễn Tiến Thu
বিন্যাস: গ্রন্থ
ভাষা:Vietnamese
প্রকাশিত: Xây dựng 2004
বিষয়গুলি:
ট্যাগগুলো: ট্যাগ যুক্ত করুন
কোনো ট্যাগ নেই, প্রথমজন হিসাবে ট্যাগ করুন!
Thư viện lưu trữ: Mạng thư viện Đại học Đà Nẵng
LEADER 00983nam a2200313 a 4500
001 000003442
003 03912
005 20171229145311.0
008 171229s2004 vie
040 |a LSK 
041 0 |a VIE 
082 0 |a 690.028  |b NG-T 
100 1 |a Nguyễn Tiến Thu 
245 0 0 |a Sổ tay chọn máy thi công xây dựng 
260 |b Xây dựng  |c 2004 
300 |a 71 pages  |c 27 cm. 
653 |a Máy xây dựng - Sổ tay 
852 |a Phòng Đọc - Phòng Mượn 
901 |a 19 
927 |a Sách tham khảo 
OWN |a LSK 
AVA |a UDN50  |b LSK  |d 690.028 NG-T  |e check_holdings  |t Error 5003 Not defined in file expand_doc_bib_avail.  |h N  |k 1 
999 |a From the UDN01 
AVA |a UDN50  |b LSK  |d 690.028 NG-T  |e available  |t Error 5001 Not defined in file expand_doc_bib_avail.  |f 19  |g 0  |h N  |i 0  |k 1 
TYP |a Monograph 
TYP |a Printed language 
980 |a Mạng thư viện Đại học Đà Nẵng